LEADER 00977nam0-22003251i-450- 001 990006867770403321 005 20001010 035 $a000686777 035 $aFED01000686777 035 $a(Aleph)000686777FED01 035 $a000686777 100 $a20001010d--------km-y0itay50------ba 101 0 $aita 105 $ay-------001yy 200 1 $aENERGY, environment and the economy$eAsian perspectives$fedited by Paul R. Kleindorfer, Howard C. Kunreuther, David S. Hong. 210 $aCheltenham$cE. Elgar$dc 1996. 215 $aXIV, 392 p.$d23 cm 225 1 $aNew horizons in environmental economics$v 676 $a333.79095 702 1$aKleindorfer,$bPaul R. 702 1$aKunreuther$bHoward C. 702 1$aHong,$bDavid S. 801 0$aIT$bUNINA$gRICA$2UNIMARC 901 $aBK 912 $a990006867770403321 952 $aVII C 291$b32872$fFSPBC 959 $aFSPBC 996 $aENERGY, environment and the economy$9624795 997 $aUNINA DB $aGEN01